000 01154nam0a2200325 4500
001 RU\NLR\bibl\1696175
005 20260406115749.0
010 _a978-5-699-42801-4
_94000
021 _aRU
_b2010-53795
_9600д/2010
035 _a(nilc)RSL-KNO-004741925
035 _a(NLR Aleph) 001687272
090 _a1138582
_c1138582
100 _a20100712d2010 |||y0rusy50 ca
101 0 _arus
102 _aRU
105 _ac zzzz|||||
200 1 _aЯ вас любил...
_eстихотворения
_fАлександр Пушкин
210 _aМосква
_cЭксмо
_d2010
215 _a637, [1] с.
_cпортр.
_d21
225 1 _aРусская классика
686 _aШ5(2=Р)51-65я44
_2rubbk
686 _aШ6(2=Р)51-5
700 1 _4070
_8rus
_7ca
_aПушкин
_bА. С.
_cпоэт
_f1799-1837
_gАлександр Сергеевич
_3RU\NLR\auth\77386
_9110441
801 0 _aRU
_bРГБ
_c20100712
_grcr
801 1 _aRU
_bРГБ
_c20100712
801 2 _aRU
_bNLR
_c20101109
_grcr
942 _cBOOK
980 _aNB